Miasta z największą ilością sklepów sieci Lidl - Statystyki

Ogólne statystyki
  • Ten quiz został rozwiązany 51 razy
  • Średni wynik to 18 z 21
Statystyki odpowiedzi
Ilość Miasto % Poprawnych
24 Kraków
98%
53 Warszawa
98%
24 Wrocław
98%
11 Białystok
93%
24 Gdańsk
93%
29 Łódź
93%
31 Poznań
93%
7 Rzeszów
93%
15 Katowice
91%
9 Gdynia
91%
17 Szczecin
91%
16 Lublin
89%
8 Kielce
86%
16 Bydgoszcz
84%
9 Toruń
84%
8 Olsztyn
82%
10 Częstochowa
80%
8 Gliwice
75%
8 Bytom
61%
8 Zabrze
59%
8 Bielsko Biała
39%
Nie znaleziono quizów pasujących do podanych kryteriów
Rozkład punktacji
Procent ludzi z każdym wynikiem
Percentyl według liczby udzielonych odpowiedzi
Twoja historia wyników
Nie rozwiązałeś tego quizu